Statistics for Songs By First Line (Jinjer)

Click here to take the quiz!

General Stats

  • This quiz has been taken 14 times
  • The average score is 15 of 24

Answer Stats

First LineSong Title% Correct
A handful of golden dust
Is what determines me
I Speak Astronomy
100%
Step forward and meet a new sunrise
A coward is shivering inside
Pisces
100%
Good evening kids, take your seats, open up your Bibles
I'm gonna chastise some rivals so keep your eyes wide open
Teacher, Teacher!
100%
This autumn feels like funeral to me
The longest song of grief
Perennial
92%
What is this?! What is this mess?!
What's that noise? Is this a death sentence?
Home Back
85%
In this place I live
Photograph reality
Cloud Factory
77%
We came from the lands
Where kindness equals weakness
Judgement (& Punishment)
77%
Like a lunatic, frantic
The man in the room looks so dramatic
Vortex
77%
Stay in, stay in
You can be alone
Wallflower
77%
The beginning of all beginnings
The era of nonexistence
Ape
69%
He keeps on moving his moustache
Gets you fussy, makes you rush
Captain Clock
69%
Haunted by the nature's fury as the legend reads
You set off to search for a new land as your master pleads
Noah
69%
Unsatisfied need makes you push forward
Greed, striving for its reward
On The Top
69%
It's been million years and yet this bulb is my shelter
Hardly had I opened my eyes I joined their ranks
Outlander
69%
Hey, caveman!
When did you see the sky last time?
No Hoard Of Value
62%
Miniscule, micro
Insignificant, minor
The Prophecy
54%
What does a man have to do
To get a piece of you?
As I Boil Ice
46%
I keep on losing the keys
From reality
Pit Of Consciousness
46%
Who's gonna remember what the sun is?
Who's gonna keep on counting? Here's another disease
Who Is Gonna Be The One?
46%
Breaking into my mind
Why are you here tonight?
Copycat
38%
A spirit seeks to rise above
But the routine brings it down
A Plus Or A Minus
23%
Limp footsteps stump to my door
He's coming down the corridor
Dreadful Moments
23%
Since the world goes round
Through the age of lies
Exposed As A Liar
23%
The rush of fear to even sleep
With just a thread of hope I have
Sleep Of The Righteous
15%

Score Distribution

Percentile by Number Answered

Percent of People with Each Score

Your Score History

You have not taken this quiz